000 00608nam a2200193 i 4500
001 48238
003 ES-MaACL
005 20260201063013.0
007 t|
008 950710s1879 fr ||||1| fre d
040 _aCAM
_bspa
_cCAM
100 1 _aCheruel, Adolphe,
_d1809-1891
_9159360
245 1 0 _aHistoire de France pendant la minorité de Louis XIV /
_cpar Pierre Adolphe Cheruel.
260 _aParis :
_b[s.n.],
_c1879 (
_fE. Martinet)
300 _a3 v. ;
_c23 cm.
651 4 _aFrancia-
_xHistoria-
_y1715-1723, Regencia.
_9152768
852 _aES-MaACL
_jB-12245-7
999 _c48238
_d48238